Labyrint. 2, Spáleniště: zkouška /

Main Author: Dashner, James, 1972-
Other Authors: Kotrle, Petr, 1967-
Language: Czech
Published: V Praze : Euromedia, 2015
Edition: Vydání druhé
Series: Yoli
Physical Description: 340 stran ; 20 cm
Book
Saved in:
LEADER 02026nam a2200589 i 4500
001 nkc20152726104
003 CZ PrNK
005 20260113132121.0
007 ta
008 150821s2015 xr d 000 f cze
015 |a cnb002726104 
020 |a 978-80-87543-90-0  |q (brožováno) 
035 |a (OCoLC)928739125 
040 |a OLA001  |b cze  |d ABA001  |e rda 
041 1 |a cze  |h eng 
072 7 |a 821.111(73)-3  |x Americká próza  |2 Konspekt  |9 25 
072 7 |a 821-93  |x Literatura pro děti a mládež (beletrie)  |2 Konspekt  |9 26 
080 |a 821.111(73)-31  |2 MRF 
080 |a 821-93-053.67  |2 MRF 
080 |a 821-93  |2 MRF 
080 |a (0:82-311.9)  |2 MRF 
080 |a (0:82-313.2)  |2 MRF 
100 1 |a Dashner, James,  |d 1972-  |7 kv2014829981  |4 aut 
240 1 0 |a Scorch trials.  |l Česky 
245 1 0 |a Labyrint.  |n 2,  |p Spáleniště: zkouška /  |c James Dashner ; přeložil Petr Kotrle 
246 3 |a Labyrint 2 
246 3 0 |a Spáleniště: zkouška 
250 |a Vydání druhé 
264 1 |a V Praze :  |b Euromedia,  |c 2015 
300 |a 340 stran ;  |c 20 cm 
336 |a text  |b txt  |2 rdacontent 
337 |a bez média  |b n  |2 rdamedia 
338 |a svazek  |b nc  |2 rdacarrier 
490 1 |a Yoli 
500 |a Přeloženo z angličtiny 
655 7 |a americké romány  |7 fd131796  |2 czenas 
655 7 |a vědecko-fantastické romány  |7 fd133847  |2 czenas 
655 7 |a antiutopické romány  |7 fd1151354  |2 czenas 
655 7 |a literatura young adult  |7 fd1185572  |2 czenas 
655 7 |a publikace pro mládež  |7 fd133157  |2 czenas 
655 9 |a American fiction  |2 eczenas 
655 9 |a science fiction novels  |2 eczenas 
655 9 |a dystopian novels  |2 eczenas 
655 9 |a young adult literature  |2 eczenas 
655 9 |a juvenile literature  |2 eczenas 
700 1 |a Kotrle, Petr,  |d 1967-  |7 mzk2003187206  |4 trl 
830 0 |a Yoli  |0 s 
910 2 |a BOA001  |b 1-1353.687,2 
990 |a BK 
995 |a 01 
991 |b 201509  |c NOV  |e db 
996 6 |b 2610644574  |c 1-1353.687,2  |l MZK  |r Sklad / do 1 hodiny  |n 1  |p p.v.  |w 001524538  |u 000010  |a 1  |e BOA001  |j MZK50  |s P